Voodoo queen /

Saved in:
Bibliographic Details
Main Author: Turner, Adam
Format: Book
Language:English
Published: London : New English Library, 1972.
LEADER 00835nam a2200241 a 4500
001 c000112937
003 CARM
005 19991209142833.0
008 720922s1972 enk 000 1 eng d
015 |a B7224974 
019 1 |a 3540003  |5 LACONCORD2021 
020 |a 0450013162 :  |c L.1.50 
035 |a (OCoLC)16215538  |5 LACONCORD2021 
040 |a BNB  |b eng  |c BNB 
082 0 4 |a 823/.9/1  |2 18 
100 1 |a Turner, Adam. 
245 1 0 |a Voodoo queen /  |c Adam Turner. 
260 |a London :  |b New English Library,  |c 1972. 
300 |a 175 p. ;  |c 21cm. 
500 |a Fiction in English, 1900-. Texts (BNB/PRECIS) 
852 8 |b CARM  |h A2:AJ24G0  |i A02426  |p 0158555  |f BK 
999 f f |i b1dc19cb-4646-55ce-bead-58457ec752b0  |s 9b00c17a-3610-5180-ab67-209299cdf3e2 
952 f f |p Can circulate  |a CAVAL  |b CAVAL  |c CAVAL  |d CARM 1 Store  |e A02426  |f A2:AJ24G0  |h Other scheme  |i book  |m 0158555